| 000 | 00612cab a2200229 4500 | ||
|---|---|---|---|
| 001 | X165 | ||
| 008 | 090401t1992 xxu||||| |||| 00| 0 eng d | ||
| 035 | _a(Sirsi) u64222 | ||
| 041 | _aeng | ||
| 100 | _aHines, M. | ||
| 245 | _aGlobal real estate services | ||
| 260 | _c1992 | ||
| 350 | _a0 | ||
| 490 |
_aAppraisal Journal _v60(2) April 1992, 207-213(4) |
||
| 650 | _aIN-HOUSE REAL ESTATE SERVICES | ||
| 650 | _aINVESTMENT | ||
| 650 | _aMULTINATIONAL COMPANIES | ||
| 650 | _aPROPERTY PORTFOLIOS | ||
| 690 | _aMANAGEMENT-BUSINESS MANAGEMENT-PROFESSIONAL PRACTICE | ||
| 942 | _n0 | ||
| 948 | _c04/03/1997 | ||
| 999 |
_c39982 _d39982 |
||